Investment guide for the wood-based industry in Malaysia.

Bibliographic Details
Format: Book
Published: Kuala Lumpur: The Malaysian Timber Industry Board, 1990.
Subjects:
LEADER 00484cam a2200157 7i4500
001 0000003136
005 19991025090000.0
002 ##000004472
020 0 0 |a T000004132  
090 0 0 |a M 691.1   |b INV 
245 0 0 |a Investment guide for the wood-based industry in Malaysia. 
260 0 0 |a Kuala Lumpur:   |b The Malaysian Timber Industry Board,   |c 1990. 
300 0 0 |a 53 p.. 
650 0 0 |a Forest --   |x Products in industry  
651 0 0 |a Malaysia  
999 |a 0000004869  |b Book  |c Open shelf  |e Business Information Centre